000 00549nam a2200181 i 4500
001 85759
003 ES-MaACL
007 t|
008 041201s1923 fr ||||1| fre d
100 1 _aJung, Edouard.
_967285
245 1 3 _aLe principe constitutif de la nature organique /
_cEdouard Jung.
260 _aParís :
_bFélix Alcan,
_c1923.
300 _a694 p. ;
_c23 cm.
490 1 _aBibliothèque de philosophie contemporaine
830 0 _aBibliothèque de philosophie contemporaine
_9181027
852 _aES-MaACL
_jB-6620
999 _c85759
_d85759